Llwytho...
Advanced economic theory
| Prif Awdur: | |
|---|---|
| Fformat: | Printed Book |
| Iaith: | Undetermined English |
| Cyhoeddwyd: |
New Delhi
S.Chand and Company Ltd
1977
|
| Pynciau: |
| LEADER | 00532nam a2200169Ia 4500 | ||
|---|---|---|---|
| 008 | 140306s9999 xx 000 0 und d | ||
| 041 | |a eng | ||
| 082 | |a 330 |b AHU/AD | ||
| 100 | |a Ahuya, H L | ||
| 245 | |a Advanced economic theory | ||
| 260 | |a New Delhi |b S.Chand and Company Ltd |c 1977 | ||
| 300 | |a 1020 | ||
| 650 | |a Price elasricity | ||
| 650 | |a Profit maximization | ||
| 942 | |2 ddc |c BK | ||
| 999 | |c 119822 |d 119822 | ||
| 952 | |0 0 |1 0 |2 ddc |4 0 |6 330_000000000000000_AHUAD |7 0 |9 119014 |a KAUHCV |b KAUHCV |d 2004-05-05 |o 330 AHU/AD |r 2014-03-22 |w 2014-03-22 |y BK | ||